00311nam a2200121Ia 45000010005000000080041000050820017000461000024000632450035000872600025001229010027001479990015001744262241024s9999 xx 000 0 und d aRD/864/M387m aRAfael A. Martorell 0aMaquito Cafemba y sus andanzas bEd. Cristopherc2013 a25/8/2016 8:59:36 a.m. c7706d7706